Statistics for Union County, NJ Towns By Population

Click here to take the quiz!

General Stats

  • This quiz has been taken 9 times
  • The average score is 13 of 21

Answer Stats

PopulationTown% Correct
128,885Elizabeth
86%
42,538Linden
86%
59,728Union
86%
29,881Westfield
86%
4,365Garwood
71%
6,892Mountainside
71%
50,585Plainfield
71%
29,880Rahway
71%
22,016Summit
71%
15,943Clark
57%
24,169Cranford
57%
7,704Fanwood
57%
8,220Kennilworth
57%
21,902Roselle
57%
24,405Scotch Plains
57%
17,517Springfield
57%
1,509Winfield
57%
13,601Berkeley Heights
43%
22,054Hillside
43%
13,486New Providence
43%
13,650Roselle Park
43%

Score Distribution

Percentile by Number Answered

Percent of People with Each Score

Your Score History

You have not taken this quiz